000
00335nam a2200133Ia 4500
008
100328s9999 xx 000 0 und d
082
_b
31523
100
_a
बनारसे वि. ब.
245
_a
अघटित
260
_b
अजिंक्य
630
_a
अघटित
730
_a
अघटित
942
_c
BOOK
999
_c
522393
_d
522390